And still the turtle watched / (Record no. 6313)

MARC details
000 -LEADER
fixed length control field 01148cam a2200337 a 4500
001 - CONTROL NUMBER
control field 6313
003 - CONTROL NUMBER IDENTIFIER
control field FISKH
005 - DATE AND TIME OF LATEST TRANSACTION
control field 20250410111816.0
008 - FIXED-LENGTH DATA ELEMENTS--GENERAL INFORMATION
fixed length control field 900425s1991 nyua j 000 1 eng
010 ## - LIBRARY OF CONGRESS CONTROL NUMBER
LC control number 90037377
020 ## - INTERNATIONAL STANDARD BOOK NUMBER
International Standard Book Number 0803709315
020 ## - INTERNATIONAL STANDARD BOOK NUMBER
International Standard Book Number 9780140558364
020 ## - INTERNATIONAL STANDARD BOOK NUMBER
International Standard Book Number 0803709323 (lib. bdg.)
040 ## - CATALOGING SOURCE
Original cataloging agency DLC
Transcribing agency DLC
Modifying agency DLC
Language of cataloging eng
050 ## - LIBRARY OF CONGRESS CALL NUMBER
Classification number PZ7.M16765
082 ## - DEWEY DECIMAL CLASSIFICATION NUMBER
Classification number 305.897
100 2# - MAIN ENTRY--PERSONAL NAME
Personal name MacGill-Callahan, Sheila
245 10 - TITLE STATEMENT
Title And still the turtle watched /
Statement of responsibility, etc. by Sheila MacGill-Callahan ; pictures by Barry Moser.
260 ## - PUBLICATION, DISTRIBUTION, ETC.
Place of publication, distribution, etc. New York :
Name of publisher, distributor, etc. Dial Books for Young Readers,
Date of publication, distribution, etc. 1991.
300 ## - PHYSICAL DESCRIPTION
Extent 30 unnumbered pages :
Other physical details color illustrations ;
Dimensions 26 cm
505 ## - FORMATTED CONTENTS NOTE
Formatted contents note M<br/>
520 ## - SUMMARY, ETC.
Summary, etc. A turtle carved in rock on a bluff over the Hudson River by Indians long ago watches with sadness the changes man brings over the years.
521 8# - TARGET AUDIENCE NOTE
Target audience note 530<br/>
Source Lexile AD <br/>
521 8# - TARGET AUDIENCE NOTE
Target audience note M<br/>
Source Raz-Plus<br/>
650 #1 - SUBJECT ADDED ENTRY--TOPICAL TERM
Topical term or geographic name entry element Turtles
General subdivision Fiction.
650 #1 - SUBJECT ADDED ENTRY--TOPICAL TERM
Topical term or geographic name entry element Nature
General subdivision Effect of human beings on
-- Fiction.
700 1# - ADDED ENTRY--PERSONAL NAME
Personal name Moser, Barry,
Relator term illustrator
906 ## - LOCAL DATA ELEMENT F, LDF (RLIN)
a 7
b cbc
c orignew
d 1
e ocip
f 19
g y-gencatlg
942 ## - ADDED ENTRY ELEMENTS (KOHA)
Source of classification or shelving scheme Dewey Decimal Classification
Koha item type Books
Suppress in OPAC No
Holdings
Withdrawn status Lost status Source of classification or shelving scheme Damaged status Not for loan Collection Home library Current library Shelving location Date acquired Total Checkouts Full call number Barcode Date last seen Price effective from Koha item type
    Dewey Decimal Classification     Non-Fiction Footprints International School Library Network Toul Kork Campus Footprints International School Library Network Toul Kork Campus TK Primary Library Room(4th Floor), Bookcase 3&4, Shelves 17-32, Yellow Books 04/10/2025   MAC 305.897 PZ7.M16765 A FISTK02448 04/10/2025 04/10/2025 Books